000 01094nam0a22002411 4500
001 rc\1023667
005 20041129102710.4
035 _a(NLR Aleph) 006188057
090 _a6136594
_c6136594
100 _a20041129d1981 u |0rusy50 ca
101 0 _arus
102 _aRU
105 _aa |||||||||
200 1 _aПовышение долговечности и надежности раздатчика-смесителя РС-5А
_e(Рекомендации)
_fЦНИИ механизации и электрификации сел. хоз-ва нечернозем. зоны СССР
_g[Подгот.: к. т. н. Н.Н. Подлекаревым и др.]
210 _aМинск
_cБ. и.
_d1981
215 _a32 с.
_cил.
_d20
702 1 _aПодлекарев
_bН. Н.
_4570
712 0 2 _aЦНИИ механизации и электрификации сельского хозяйства нечерноземной зоны СССР
_cМинск
_3RU\NLR\AUTH\889985575
801 0 _aRU
_bNLR
_gpsbo
801 1 _aRU
_bELAR
_2rusmarc
852 _aNLR
_j81-4/27043
942 _cBOOK
980 _aNB